000 00605nam a22002177a 4500
003 UA-OsUOA
001 95004
007 ta
008 20130220b un ||||| |||| 00| 0 ukr d
090 _a821.161.1
_bЗ-30
942 _cBK
040 _aUA-OsUOA
_brus
_cUA-OsUOA
_dUA-OsUOA
245 _aЗапас прочности
_bрассказы
_cсост. Михайлюк П. П.
300 _a246 с.
955 _a3
041 _arus
080 _a821.161.1
260 _aОдесса
_bМаяк
_c1982
650 7 _a82 Література. Літературознавство
_2UDC
999 _c381249
_d381249